000 00290nam a22001337a 4500
020 _a81 73711461
082 _a920
_bAPJ/W
100 _aABDULKALAM,A.P.J
245 _aWINGS OF FIRE
260 _aMUMBAI
_bUNIVERSITIES PRESS
300 _a180
650 _aAUTOBIOGRAPHY
_zINDIA
942 _cBK
999 _c5599
_d5599